[Event "Seville op 38th"]
[Site "Seville"]
[Date "2013.01.15"]
[Round "5"]
[White "Alonso Arrizabalaga, Javier"]
[Black "Gutierrez Marin, Vicente"]
[Result "1-0"]
[WhiteElo "1550"]
[BlackElo "1775"]
[PlyCount "39"]
[EventDate "2013.01.11"]
[EventType "swiss"]
[EventRounds "9"]
[EventCountry "ESP"]
[SourceTitle "CBM 152 Extra"]
[Source "ChessBase"]
[SourceDate "2013.02.25"]
[SourceVersion "1"]
[SourceVersionDate "2013.02.25"]
[SourceQuality "1"]

1. d4 Nf6 2. Nf3 d6 3. c4 Nbd7 4. Nc3 e5 5. dxe5 dxe5 6. Bg5 Be7 7. e3 0-0 8. Qc2 Re8 9. Rd1 Bd6 10. Nd5 b6 11. Bd3 h6 12. Bh4 g5 13. Nxg5 hxg5 14. Bxg5 Bb7 15. Be4 Bxd5 16. Bxd5 Bb4+ 17. Ke2 Rb8 18. Qg6+ Kh8 19. Bxf7 Bf8 20. Bxf6+ 1-0

[Event "Seville op 35th"]
[Site "Seville"]
[Date "2010.01.13"]
[Round "6"]
[White "Durao, Joaquim Manuel"]
[Black "Gutierrez Marin, Vicente"]
[Result "1-0"]
[WhiteElo "2043"]
[BlackElo "1802"]
[PlyCount "55"]
[EventDate "2010.01.08"]
[EventType "swiss"]
[EventRounds "9"]
[EventCountry "ESP"]
[SourceTitle "CBM 134 Extra"]
[Source "ChessBase"]
[SourceDate "2010.03.03"]
[SourceVersion "1"]
[SourceVersionDate "2010.03.03"]
[SourceQuality "1"]

1. e4 c5 2. Nf3 d6 3. d4 cxd4 4. Nxd4 Nf6 5. Nc3 a6 6. f4 Nc6 7. Be3 e6 8. Qf3 Qc7 9. Bd3 Nb4 10. 0-0 Nxd3 11. cxd3 b5 12. Rac1 Qd7 13. f5 Bb7 14. fxe6 fxe6 15. Qh3 Bc8 16. a4 bxa4 17. Nxa4 e5 18. Nf5 Qb7 19. Nb6 Bxf5 20. Qxf5 Rd8 21. Qe6+ Be7 22. Rxf6 gxf6 23. Nd5 Rb8 24. Nxf6+ Kd8 25. Kh1 Bxf6 26. Qxf6+ Kd7 27. Qf7+ Kd8 28. Bg5+ 1-0

[Event "Seville op 34th"]
[Site "Seville"]
[Date "2009.01.23"]
[Round "1"]
[White "Barria Zuniga, Daniel"]
[Black "Gutierrez Marin, Vicente"]
[Result "1-0"]
[WhiteElo "2419"]
[BlackElo "1800"]
[PlyCount "51"]
[EventDate "2009.01.23"]
[EventType "swiss"]
[EventRounds "9"]
[EventCountry "ESP"]
[SourceTitle "CBM 128 Extra"]
[Source "ChessBase"]
[SourceDate "2009.03.05"]
[SourceVersion "2"]
[SourceVersionDate "2009.03.25"]
[SourceQuality "1"]

1. e4 e5 2. Nf3 Nc6 3. Bb5 Nf6 4. 0-0 d6 5. Re1 Bg4 6. h3 Bd7 7. c3 Be7 8. d4 a6 9. Ba4 b5 10. Bb3 h6 11. Nbd2 0-0 12. Nf1 Re8 13. Ng3 Bf8 14. Bc2 Qc8 15. Be3 d5 16. dxe5 Nxe5 17. Nxe5 Rxe5 18. Bf4 Rxe4 19. Nxe4 dxe4 20. Be5 Bxh3 21. gxh3 Qxh3 22. Bxe4 Ng4 23. Qf3 Qh4 24. Bg3 Qg5 25. Bxa8 Nxf2 26. Kxf2 1-0